| 000 | 01622cam a22003011i 4500 | ||
|---|---|---|---|
| 003 | SA-RiAUC | ||
| 005 | 20260114140534.0 | ||
| 008 | 251230s1938 ||| g 000 0 ara c | ||
| 040 |
_aEG-CaDAJ _bara _cSA-RiAUC _erda |
||
| 082 | 0 | 4 | _a213 |
| 090 |
_aم ن 213 _bا ب ن ح |
||
| 100 | 1 |
_aابن حجر العسقلاني، أحمد بن علي بن محمد، _d773-852 هجري _eمؤلف. |
|
| 245 | 1 | 0 |
_aنصائح العباد : _bشرح على المنبهات على الاستعداد ليوم المعاد / _cأحمد بن علي بن حجر العسقلاني. وبالهامش الفتوحات المدنية شرح الشعب الإيمانية / محمد نووي بن عمر الجاوي. |
| 246 | 3 | 0 | _aشرح على المنبهات على الاستعداد ليوم المعاد |
| 250 | _aالطبعة الثالثة. | ||
| 264 | 1 |
_a[مكان النشر غير محدد] : _bالحلبي، _c1938 |
|
| 300 | _a72 صفحة | ||
| 336 |
_aنص _btxt _2rdacontent _3كتاب |
||
| 337 |
_aبدون وسيط _bn _2rdamedia |
||
| 338 |
_aمجلد _bnc _2rdacarrier |
||
| 650 | 7 |
_aالوعظ والإرشاد _2aucsh |
|
| 700 | 1 | 2 |
_aالحجي، أحمد بن محمد، _dتوفي 1092 هجري _tالمنبهات على الاستعداد ليوم المعاد. |
| 700 | 1 | 2 |
_aنووي الجاوي، محمد بن عمر بن عربي، _d1230-1316 هجري |
| 740 | 2 | 2 | _aالمنبهات على الاستعداد ليوم المعاد. |
| 740 | 2 | 2 | _aالفتوحات المدنية شرح الشعب الإيمانية. |
| 942 |
_2ddc _cRBOOK COPY _n0 |
||
| 949 |
_aSA-JeALM _d251230 _umohamedma123 _n1 |
||
| 999 |
_c14070 _d14070 |
||